01314nam a22002777a 450000500170000001000370001702000380005403500140009203500140010603500140012003700130013408200150014710000270016224500760018925000060026526000530027127001100032430000340043449000320046850000590050094200290055999900190058895201430060795201430075095201430089320231226164450.0 aENG-138746 ENG-138740 ENG-138741 a9789390897339 (Set Of 3)c4000.00 aEN-122278 aEN-122272 aEN-122273 bDBAD/PUB a370.95421 aSahu, Parikshit960242 aEducation in Modern India:cBy Parikshit SahubEvolution And Evalution/ a1 aNew DelhibNeelkamal Publications Pvt. Ltdc2023 a4761/1, 23, Ansari Road, DaryaganjbNew Delhie110002mneelkamalbooks@gmail.comk011-23244237k9811828953 axxiii+913p.bINDEXc25cm(hbk) aSet of 3vVol,1 Vol,2,Vol.3 aA Source Book for Teachers, Education and Policymakers 2ddccENh370.954mSAHe1 c199816d199816 00103VOL-140708NFICaAVbAVd2023-12-26eDBAD/PUBg1333.33l0o370.954 SAHpEN-122278r2023-12-26 00:00:00t1v1333.33w2023-12-26yEN 00103Vol-240708NFICaAVbAVd2023-12-26eDBAD/PUBg1333.33l0o370.954 SAHpEN-122273r2023-12-26 00:00:00t1v1333.33w2023-12-26yEN 00103Vol-340708NFICaAVbAVd2023-12-26eDBAD/PUBg1333.33l0o370.954 SAHpEN-122272r2023-12-26 00:00:00t1v1333.33w2023-12-26yEN